00586cam a22001812 4500001001100000005001700011008004100028020001700069040001500086100003000101245010500131250001200236260003700248300001900285650003600304650006100340852000300401000001324520151217152124.0090720s xx 000 0 eng d a0470410974 : aKABUcKABU1 aWeber, Larry.@000015954710aMarketing to the social web :bhow digital customer communities build your business /c Larry Weber. a2nd ed. aHoboken, NJ. :bJ. Wiley,c2009. axviii, 246 p. 0aInternet marketing.@0000151441 0aSocial networksxComputer network resources.@00001595481